<?xml version="1.0" encoding="UTF-8"?><?xml-stylesheet type="text/xsl" href="static/style.xsl"?><OAI-PMH xmlns="http://www.openarchives.org/OAI/2.0/" xmlns:xsi="http://www.w3.org/2001/XMLSchema-instance" xsi:schemaLocation="http://www.openarchives.org/OAI/2.0/ http://www.openarchives.org/OAI/2.0/OAI-PMH.xsd"><responseDate>2026-04-14T05:18:13Z</responseDate><request verb="GetRecord" identifier="oai:www.recercat.cat:10459.1/67517" metadataPrefix="marc">https://recercat.cat/oai/request</request><GetRecord><record><header><identifier>oai:recercat.cat:10459.1/67517</identifier><datestamp>2024-12-05T22:03:18Z</datestamp><setSpec>com_2072_3622</setSpec><setSpec>col_2072_479130</setSpec></header><metadata><record xmlns="http://www.loc.gov/MARC21/slim" xmlns:dcterms="http://purl.org/dc/terms/" xmlns:xsi="http://www.w3.org/2001/XMLSchema-instance" xmlns:doc="http://www.lyncode.com/xoai" xsi:schemaLocation="http://www.loc.gov/MARC21/slim http://www.loc.gov/standards/marcxml/schema/MARC21slim.xsd">
   <leader>00925njm 22002777a 4500</leader>
   <datafield ind2=" " ind1=" " tag="042">
      <subfield code="a">dc</subfield>
   </datafield>
   <datafield ind2=" " ind1=" " tag="720">
      <subfield code="a">Franco-Luesma, Samuel</subfield>
      <subfield code="e">author</subfield>
   </datafield>
   <datafield ind2=" " ind1=" " tag="720">
      <subfield code="a">Cavero Campo, José</subfield>
      <subfield code="e">author</subfield>
   </datafield>
   <datafield ind2=" " ind1=" " tag="720">
      <subfield code="a">Plaza Bonilla, Daniel</subfield>
      <subfield code="e">author</subfield>
   </datafield>
   <datafield ind2=" " ind1=" " tag="720">
      <subfield code="a">Cantero-Martínez, Carlos</subfield>
      <subfield code="e">author</subfield>
   </datafield>
   <datafield ind2=" " ind1=" " tag="720">
      <subfield code="a">Arrúe, José Luis</subfield>
      <subfield code="e">author</subfield>
   </datafield>
   <datafield ind2=" " ind1=" " tag="720">
      <subfield code="a">Álvaro-Fuentes, Jorge</subfield>
      <subfield code="e">author</subfield>
   </datafield>
   <datafield ind2=" " ind1=" " tag="260">
      <subfield code="c">2019-11-12T08:12:36Z</subfield>
   </datafield>
   <datafield ind2=" " ind1=" " tag="260">
      <subfield code="c">2021-11-11T23:23:53Z</subfield>
   </datafield>
   <datafield ind2=" " ind1=" " tag="260">
      <subfield code="c">2019-11-11</subfield>
   </datafield>
   <datafield ind2=" " ind1=" " tag="260">
      <subfield code="c">2019-11-12T08:12:38Z</subfield>
   </datafield>
   <datafield ind2=" " ind1=" " tag="520">
      <subfield code="a">Irrigation as well as soil tillage management are considered two possible strategies to reduce carbon dioxide (CO2) and methane (CH4) emissions from the soil in Mediterranean agroecosystems. The objective of this work was to assess the impact of the irrigation system (i.e. flood, F; and sprinkler, S) and the soil tillage system (i.e. conventional tillage, CT; no-tillage maintaining the maize stover, NTr; and no-tillage removing the maize stover, NT) on CO2 and CH4 emissions from the soil during three growing seasons (2015, 2016 and 2017) and two fallow periods between growing seasons (15-16 fallow and 16-17 fallow) in a maize (Zea mays L.) monoculture system. Soil temperature and water-filled pore space (WFPS) had a great influence on daily soil CO2 fluxes but not on daily soil CH4 fluxes. Daily soil CO2 fluxes showed an increase with soil temperature in all tillage-irrigation treatments, especially when soil temperature was above 15ºC, in coincidence with the maize plant growth. In contrast, soil WFPS differently affected daily soil CO2 fluxes depending on the irrigation system. Under S irrigation, daily soil CO2 fluxes increased with soil WFPS, whereas under F irrigation a threshold value of 60% WFPS was found, with a positive or negative effect on CO2 fluxes for values below or above this threshold value, respectively. Over the three maize growing seasons, CT-S presented the greatest cumulative soil CO2 emissions with a seasonal average value of 3.28 Mg CO2-C ha-1. In contrast, for the same period, NTr-S cumulative soil CO2 emissions were up to 42% lower than the CT-S cumulative soil CO2 emissions. Cumulative CH4 emissions were only affected by soil tillage during the 16-17 fallow period, observing greater net CH4 uptake under NTr and NT compared with CT. This work highlights the importance of irrigation and soil tillage systems as key agricultural practices to minimize soil CO2 and CH4 emissions under Mediterranean conditions.</subfield>
   </datafield>
   <datafield ind2=" " ind1=" " tag="520">
      <subfield code="a">Samuel Franco-Luesma was awarded a FPI fellowship by the Ministry of Science, Innovation and Universities (MICINN) of Spain (ref. BES-2014-069175). Daniel Plaza-Bonilla was awarded a Juan de la Cierva postdoctoral grant by MICINN (refs. FJCI-2014-19570; IJCI-2016-27784). This research was supported by a MICINN grant (ref. AGL2013-49062-C4-4-R).</subfield>
   </datafield>
   <datafield ind1="8" ind2=" " tag="024">
      <subfield code="a">http://hdl.handle.net/10459.1/67517</subfield>
   </datafield>
   <datafield tag="653" ind2=" " ind1=" ">
      <subfield code="a">Soil emissions</subfield>
   </datafield>
   <datafield tag="653" ind2=" " ind1=" ">
      <subfield code="a">Sprinkler irrigation</subfield>
   </datafield>
   <datafield tag="653" ind2=" " ind1=" ">
      <subfield code="a">Maize</subfield>
   </datafield>
   <datafield tag="653" ind2=" " ind1=" ">
      <subfield code="a">Flood irrigation</subfield>
   </datafield>
   <datafield tag="653" ind2=" " ind1=" ">
      <subfield code="a">Tillage</subfield>
   </datafield>
   <datafield ind2="0" ind1="0" tag="245">
      <subfield code="a">Tillage and irrigation system effects on soil carbon dioxide (CO⁠2) and methane (CH⁠4) emissions in a maize monoculture under Mediterranean conditions</subfield>
   </datafield>
</record></metadata></record></GetRecord></OAI-PMH>